[Event "IECG CN.2002.0.00305 email"]
[Site "IECG email"]
[Date "2002.08.16"]
[Round "?"]
[White "Neil, Chalk"]
[Black "Venturas, Bob"]
[Result "0-1"]
[WhiteElo "800"]
[BlackElo "656"]
[PlyCount "102"]
[EventDate "2002.08.16"]
[EventType "tourn (corr)"]
[EventRounds "6"]
[SourceTitle "Corr 2008"]
[Source "ChessBase"]
[SourceDate "2008.06.24"]
[SourceVersion "1"]
[SourceVersionDate "2008.06.24"]
[SourceQuality "1"]

1. e4 e5 2. Bc4 Nc6 3. Nf3 d6 4. 0-0 Nf6 5. d3 h6 6. Bd2 a6 7. Nc3 b5 8. Bb3 Bg4 9. Qe1 Qd7 10. Nh4 g5 11. Nf5 Bxf5 12. exf5 Qxf5 13. Ne4 Bg7 14. Ng3 Qd7 15. a3 Nd4 16. Qd1 Qg4 17. f3 Qd7 18. Ba2 c6 19. c3 Nf5 20. Nxf5 Qxf5 21. Qb3 0-0 22. Be3 Qxd3 23. Rfe1 Nd5 24. Bf2 a5 25. Qd1 Qxd1 26. Rexd1 Rfd8 27. Re1 Nf4 28. Bb1 c5 29. Bc2 a4 30. Rab1 c4 31. Be3 d5 32. Bc5 Re8 33. Rbd1 Rad8 34. Bb6 Rd6 35. Bc5 Rdd8 36. Bf5 f6 37. Bb6 Rb8 38. Bc7 Rb7 39. Ba5 e4 40. fxe4 Nd3 41. Re3 Bf8 42. Rdxd3 cxd3 43. Rxd3 dxe4 44. Rd8 Rxd8 45. Bxd8 Kg7 46. Bxe4 Rd7 47. Bb6 Rd2 48. Bc6 Rxb2 49. g4 Bxa3 50. Bd4 Bd6 51. c4 Bxh2+ 0-1